Development Issues /
Kaydedildi:
| Müşterek Yazar: | |
|---|---|
| Materyal Türü: | Bilinmiyor |
| Baskı/Yayın Bilgisi: |
Netherlands :
International Institute of Social Studies
|
| Konular: | |
| Online Erişim: | https://www.iss.nl/en/library/iss-publications/devissues |
| Etiketler: |
Etiketle
Etiket eklenmemiş, İlk siz ekleyin!
|
MARC
| LEADER | 00000 a2200000 04500 | ||
|---|---|---|---|
| 001 | 46221 | ||
| 003 | cru CIDCACS/IIS | ||
| 005 | 20200925160937.0 | ||
| 008 | 050621s ne eng d | ||
| 999 | |c 18173 |d 18173 | ||
| 022 | |a 15664821 | ||
| 040 | |c CRAI/IIS |a CRAI/IIS | ||
| 090 | |a REV1619 | ||
| 110 | |a International Institute of Social Studies | ||
| 210 | |a DevISSues | ||
| 245 | |a Development Issues / |c International Institute of Social Studies | ||
| 260 | |a Netherlands : |b International Institute of Social Studies | ||
| 310 | |a Semestral | ||
| 650 | |a CIENCIAS SOCIALES | ||
| 650 | |a CAMBIO SOCIAL | ||
| 650 | |a DESARROLLO | ||
| 650 | |a POLITICA GUBERNAMENTAL | ||
| 650 | |a POLITICA | ||
| 856 | |u https://www.iss.nl/en/library/iss-publications/devissues | ||
| 942 | |2 ddc |c PP | ||
